| 000 | 00389nam a2200109Ia 4500 | ||
|---|---|---|---|
| 008 | 171204s9999 xx 000 0 und d | ||
| 245 | _aEmbedded and Networking Systems: Design, Software, and Implementation: | ||
| 245 | _cGul N. Khan and Krzysztof Iniewski | ||
| 260 | _c2013 | ||
| 650 | _xADVANCED OPERATING SYSTEM AND NETWORKING | ||
| 856 | _uhttp://down.ebook777.com/051/9781466590656.pdf | ||
| 999 |
_c347112 _d347112 |
||